Basic Electronics: vol 6 (Record no. 12898)

MARC details
000 -LEADER
fixed length control field 00522nam a2200193 4500
003 - CONTROL NUMBER IDENTIFIER
control field PK-NaQUE
005 - DATE AND TIME OF LATEST TRANSACTION
control field 20260326111217.0
008 - FIXED-LENGTH DATA ELEMENTS--GENERAL INFORMATION
fixed length control field 260326b ||||| |||| 00| 0 eng d
020 ## - INTERNATIONAL STANDARD BOOK NUMBER
International Standard Book Number 0810400464
020 ## - INTERNATIONAL STANDARD BOOK NUMBER
International Standard Book Number 9780810400467
040 ## - CATALOGING SOURCE
Transcribing agency QUEST
082 ## - DEWEY DECIMAL CLASSIFICATION NUMBER
Classification number 621.381WIL
100 ## - MAIN ENTRY--PERSONAL NAME
Personal name Valkenburgh, Van
245 ## - TITLE STATEMENT
Title Basic Electronics: vol 6
260 ## - PUBLICATION, DISTRIBUTION, ETC. (IMPRINT)
Place of publication, distribution, etc Lahore:
Name of publisher, distributor, etc Sarhat Printing,
Date of publication, distribution, etc 1979.
650 ## - SUBJECT ADDED ENTRY--TOPICAL TERM
Topical term or geographic name as entry element Basic Electronics
856 ## - ELECTRONIC LOCATION AND ACCESS
Uniform Resource Identifier <a href="http://10.10.170.122:8080/browse/book/29411">http://10.10.170.122:8080/browse/book/29411</a>
Link text Download eBook
942 ## - ADDED ENTRY ELEMENTS (KOHA)
Koha item type Books
Source of classification or shelving scheme Dewey Decimal Classification
Holdings
Withdrawn status Lost status Damaged status Not for loan Home library Current library Date acquired Cost, normal purchase price Total Checkouts Full call number Barcode Date last seen Price effective from Koha item type
        Book Bank Section Book Bank Section 12/02/2020 75.00   621.381WIL B805 08/04/2015 08/04/2015 Books
        Book Bank Section Book Bank Section 12/02/2020 75.00   621.381WIL B806 08/04/2015 08/04/2015 Books
        Book Bank Section Book Bank Section 12/02/2020 75.00   621.381WIL B807 08/04/2015 08/04/2015 Books
        Book Bank Section Book Bank Section 12/02/2020 75.00   621.381WIL B808 08/04/2015 08/04/2015 Books
        Book Bank Section Book Bank Section 12/02/2020 75.00   621.381WIL B809 08/04/2015 08/04/2015 Books